000 00991nam a22001937a 4500
003 BD-ChCU
005 20260405102824.0
008 260405b bg ||||| |||| 00| 0 ben d
020 _a9789849995827
040 _cBD-ChCU
082 _223
_a৩৭১.৮১০৯৫৪৯২ জুয়ে৯জু
100 _aজুয়েল, মোঃ হাসানুজ্জামান।
_921128
245 _aজুলাই বিপ্লবঃ
_bকোটা সংস্কার থেকে রাষ্ট্রসংস্কার আন্দোলন/
_cমোঃ হাসানুজ্জামান জুয়েল।
260 _aঢাকাঃ
_bমেরিট ফেয়ার,
_c২০২৫
300 _a১৬০ পৃ.
504 _aসম্বলিত।
650 0 _aছাত্র আন্দোলন-জুলাই বিপ্লব ২০২৪- বাংলাদেশ ; জুলাই বিপ্লব।
_921131
942 _2ddc
_cBK
_n0
999 _c112034
_d112034